Les principaux mouvements littéraires - Statistiques

Statistiques générales
  • Ce quiz a été pris 84 fois
  • Le résultat moyen est 7 sur 12
Statistiques - réponses
Hint Réponse % Correct
XIX Réalisme
84%
XVII Classicisme
71%
XVII Baroque
70%
XVIII Lumières
70%
XX Surréalisme
70%
XIX Naturalisme
62%
XX Nouveau Roman
59%
XVI Pléiade
59%
XVI Humanisme
57%
XIX Symbolisme
49%
XX Absurde
48%
XIX Romantique
39%
Aucun quiz correspondant
Distribution des résultats
% des personnes avec chaque résultat
Percentile par nombre de réponses
Votre historique - résultats
Vous n’avez pas pris ce quiz